000 00658nam a22002417a 4500
003 UA-OsUOA
001 85898
007 ta
008 20120720b un ||||| |||| 00| 0 ukr d
100 _aПащак Я.
090 _a82-94
_bП22
942 _cBK
040 _aUA-OsUOA
_bukr
_cUA-OsUOA
_dUA-OsUOA
245 _aРодимий край, село родиме
_bдокументальний нарис
300 _a206 с.
955 _a2
041 _aukr
080 _a82-94
020 _a966-01-0150-3
260 _aК.
_bВеселка
_c2001
650 7 _a82 Література. Літературознавство
_2UDC
999 _c372206
_d372206